000 00663nam a2200181Ia 4500
003 GCL
008 140319s9999 xx 000 0 ara d
040 _aGCL /
_cGCL
082 0 4 _a378.242
_bع د
100 1 _aعبدالله زيد الكيلانى
245 1 0 _aدليل الرسائل والاطروحات الجامعية /
_cعبدالله زيد الكيلانى
250 _aالاولى
260 _aالاردن :
_bدار المسيرة للنشر والتوزيع والطباعة ،
_c2004
300 _a114ص ؛
_c24سم
650 0 4 _aالرسائل الجامعية
650 0 4 _aكتابة الرسائل الجامعية
942 _2ddc
_cBK
999 _c57425
_d57425